banner koha

Os animais tem alma? / (Registro n. 8348)

MARC details
000 -LÍDER
campo de controle de tamanho fixo 01224nam a2200265 a 4500
001 - NÚMERO DE CONTROLE
campo de controle BS0003285
003 - IDENTIFICADOR DO NÚMERO DE CONTROLE
campo de controle BR-BrBNA
005 - DATA E HORÁRIO DA ÚLTIMA TRANSAÇÃO
campo de controle 20230418192254.0
008 - CAMPO DE DADOS FIXOS--INFORMAÇÃO GERAL
campo de controle de tamanho fixo 230308b |||||||| |||| 00| 0 por d
040 ## - FONTE DA CATALOGAÇÃO
Instituição da catalogação original BR-BrBNA
Idioma da catalogação por
Instituição que transcreveu o registro Biblioteca Nacional de Agricultura
041 ## - CÓDIGO DE IDIOMA
Código do idioma do texto/trilha sonora ou título diferente por
072 ## - CÓDIGO DE CATEGORIA DE ASSUNTO
Código de Categoria de Assunto B59
090 ## - NÚMERO DE CHAMADA LOCAL
Número de chamada B59 BS0003285
100 1# - ENTRADA PRINCIPAL--NOME PESSOAL
Nome pessoal Bozzano, Ernesto.
245 1# - TÍTULO
Título Os animais tem alma? /
250 1# - EDIÇÃO
Edição 4. ed.
260 3# - PUBLICAÇÃO, DISTRIBUIÇÃO, ETC.
Local de publicação, distribuição, etc. Niterói, RJ:
Nome do editor, distribuidor, etc. Lachâtre,
Data da publicação, distribuição, etc. 1999.
300 ## - DESCRIÇÃO FÍSICA
Extensão 160 p.
500 ## - NOTA GERAL
Nota geral Titulo Original: Gli Animale hanno alma? Tradução de Francisco Klors Werneck.<br/>
520 3# - NOTA DE RESUMO, ETC
Resumo, etc. Ernesto Bozzano, um das mais notáveis pesquisadores espíritas do século XX, tenta, nesta obra, comprovar cientificamente a existência e sobrevivência da alma dos animais. Para isso persegue dois objetivos: a determinação objetiva de atividade supranormal nos animais (telepatia, premonição, mediunidade, etc.)e a comprovação de casos de aparição post-mortem de fantasmas de animais. Após a leitura deste livro você terá dado um grande passo para responder a esta pergunta: os animais têm alma?
650 ## - ASSUNTO--TERMO TÓPICO
Cabeçalho tópico ou nome geográfico ESPIRITISMO
650 ## - ASSUNTO--TERMO TÓPICO
Cabeçalho tópico ou nome geográfico RELIGIÃO
909 ## -
-- 202304
-- Sergio Santos
-- 56
-- Sergio Santos
942 ## - ELEMENTOS DE ENTRADA ADICIONADOS (KOHA)
Tipo de material Koha Livros
Exemplares
Situação do descarte Fonte da classificação ou esquema de arquivamento na estante Situação física Não pode ser emprestado Coleção Biblioteca de origem Biblioteca atual Total de empréstimos Número de telefone completo Código de barras Data de último acesso Número do exemplar Tipo de material Koha Situação das perdas Data de aquisição Fonte de aquisição Qualificador de local codificado
  Classificação AGRIS     Acervo Cultural Biblioteca Nacional de Agricultura - Binagri Biblioteca Nacional de Agricultura - Binagri   B59 BS0003285 B59 BS0003285 12/04/2023 01 Livros   2023-04-04 Doação B59

BINAGRI

Telefone: (61)3218-2567/2388/3357/2097 - binagri@agro.gov.br

Ministério da Agricultura e Pecuária , Esplanada dos Ministérios, Bloco D, Anexo B, Brasília/DF, CEP: 70.043-900